| 000 | 00242 a2200109 4500 | ||
|---|---|---|---|
| 999 |
_c243375 _d243375 |
||
| 001 | 8302 | ||
| 003 | NUST | ||
| 005 | 20180118185230.0 | ||
| 008 | 180118b xxu||||| |||| 00| 0 eng d | ||
| 082 | _a904.5 HAS | ||
| 100 |
_aHass, H _98968 |
||
| 245 |
_aUnder the Red sea _hEnglish |
||
| 260 |
_bJarrolds _a1953 |
||
| 942 |
_aNUST-CAE _cBK _cBK _k904.5 HAS _2ddc |
||